<?xml version="1.0" encoding="UTF-8"?>
<record
    xmlns:xsi="http://www.w3.org/2001/XMLSchema-instance"
    xsi:schemaLocation="http://www.loc.gov/MARC21/slim http://www.loc.gov/standards/marcxml/schema/MARC21slim.xsd"
    xmlns="http://www.loc.gov/MARC21/slim">

  <leader>00962cam a2200253   4500</leader>
  <controlfield tag="001">sa 68010789 </controlfield>
  <controlfield tag="003">DLC</controlfield>
  <controlfield tag="005">20260227112555.0</controlfield>
  <controlfield tag="008">870708m19009999ii ac         000 0 maro </controlfield>
  <datafield tag="010" ind1=" " ind2=" ">
    <subfield code="a">sa 68010789 </subfield>
  </datafield>
  <datafield tag="040" ind1=" " ind2=" ">
    <subfield code="a">DLC</subfield>
    <subfield code="c">DLC</subfield>
    <subfield code="d">DLC</subfield>
  </datafield>
  <datafield tag="041" ind1="0" ind2=" ">
    <subfield code="a">mareng</subfield>
  </datafield>
  <datafield tag="050" ind1="0" ind2="0">
    <subfield code="a">DS481.B36</subfield>
    <subfield code="b">A2 1967</subfield>
  </datafield>
  <datafield tag="100" ind1="1" ind2=" ">
    <subfield code="a">Bapat, Pandurang Mahadeo,</subfield>
    <subfield code="d">1880-1967.</subfield>
  </datafield>
  <datafield tag="245" ind1="1" ind2="0">
    <subfield code="a">Sen&#x101;pat&#x12B; B&#x101;pa&#x1E6D;a samagra grantha.</subfield>
    <subfield code="c">Samp&#x101;daka J&#x12B;vana Kirloskara [&#x101;&#x1E47;i itara].</subfield>
  </datafield>
  <datafield tag="250" ind1=" " ind2=" ">
    <subfield code="a">[Pratham&#x101;vr&#x325;tti]</subfield>
  </datafield>
  <datafield tag="260" ind1=" " ind2=" ">
    <subfield code="a">Mumbai,</subfield>
    <subfield code="b">Vamana Pa&#x1E47;&#x1E0D;ura&#x1E45;ga Bapa&#x1E6D;a</subfield>
    <subfield code="c">&lt;1967-1988   &gt;</subfield>
  </datafield>
  <datafield tag="300" ind1=" " ind2=" ">
    <subfield code="a">v. &lt;2-4   &gt; :</subfield>
    <subfield code="b">ill., ports. ;</subfield>
    <subfield code="c">23 cm.</subfield>
  </datafield>
  <datafield tag="500" ind1=" " ind2=" ">
    <subfield code="a">English and Marathi.</subfield>
  </datafield>
  <datafield tag="500" ind1=" " ind2=" ">
    <subfield code="a">Vol. 2-&lt;4   &gt; has title: Sen&#x101;pat&#x12B; B&#x101;pa&#x1E6D;a v&#x101;&#x1E45;maya samagra grantha.</subfield>
  </datafield>
  <datafield tag="500" ind1=" " ind2=" ">
    <subfield code="a">Vols. 2-&lt;4   &gt; have imprint: Mumba&#x12B; : Mah&#x101;r&#x101;sh&#x1E6D;ra R&#x101;jya S&#x101;hitya S&#x101;skr&#x325;ti Ma&#x1E47;&#x1E0D;a&#x1E37;a.</subfield>
  </datafield>
  <datafield tag="700" ind1="1" ind2=" ">
    <subfield code="a">Kirloskara, J&#x12B;vana,</subfield>
    <subfield code="d">1941-</subfield>
  </datafield>
  <datafield tag="740" ind1="0" ind2=" ">
    <subfield code="a">Sen&#x101;pat&#x12B; B&#x101;pa&#x1E6D;a v&#x101;&#x1E45;maya samagra grantha.</subfield>
  </datafield>
  <datafield tag="999" ind1=" " ind2=" ">
    <subfield code="c">83547</subfield>
    <subfield code="d">83547</subfield>
  </datafield>
</record>
